Perspective and recent Developments (Record no. 14320)
[ view plain ]
| 000 -LEADER | |
|---|---|
| fixed length control field | 00234nam a22001097a 4500 |
| 020 ## - INTERNATIONAL STANDARD BOOK NUMBER | |
| International Standard Book Number | 0720430801 |
| 082 ## - DEWEY DECIMAL CLASSIFICATION NUMBER | |
| Classification number | 330.9730924 BRO |
| 100 ## - MAIN ENTRY--PERSONAL NAME | |
| Personal name | FROMM, Gary |
| 245 ## - TITLE STATEMENT | |
| Title | Perspective and recent Developments |
| 260 ## - PUBLICATION, DISTRIBUTION, ETC. | |
| Place of publication, distribution, etc. | 1977 |
| 942 ## - ADDED ENTRY ELEMENTS (KOHA) | |
| Koha item type | Books |
| Withdrawn status | Lost status | Damaged status | Not for loan | Home library | Current library | Shelving location | Date acquired | Total Checkouts | Full call number | Barcode | Date last seen | Price effective from | Koha item type |
|---|---|---|---|---|---|---|---|---|---|---|---|---|---|
| Withdrawn | IFM Main Campus Library | IFM Main Campus Library | Archival Collection | 12/02/2015 | 330.9730924 BRO | 0000009392 | 12/02/2015 | 02/19/2022 | Books |
